[Event "24th Varna it"]
[Site "Golden Sands BUL"]
[Date "1985.05.10"]
[Round "5"]
[White "Atanasov, Petko"]
[Black "Spiridonov, Nikola"]
[Result "1/2-1/2"]
[WhiteElo "2405"]
[BlackElo "2400"]
[EventDate "1985.05.06"]
[PlyCount "69"]

1.e4 c5 2.Nf3 e6 3.d4 cxd4 4.Nxd4 Nc6 5.Be3 Nf6 6.Bd3 d5 7.exd5 Nxd5 8.
Nxc6 bxc6 9.Bd2 Rb8 10.O-O Rxb2 11.Nc3 Be7 12.Qg4 O-O 13.Bh6 Bf6 14.Ne4 e5
15.Qg3 Bf5 16.Nxf6+ Qxf6 17.Bxf5 Qxh6 18.Qxe5 Qf6 19.Qxf6 Nxf6 20.Rfe1 g6 
21.Bd3 Rfb8 22.g3 Kf8 23.Kf1 Nd5 24.a3 Re8 25.Rxe8+ Kxe8 26.Ke2 Ke7 27.Kd2
Kd6 28.Bc4 Rb8 29.Re1 h5 30.Bb3 a5 31.Re4 f6 32.Kd3 g5 33.Ra4 Ra8 34.Rd4 
Rb8 35.Ra4 1/2-1/2

[Event "24th Varna it"]
[Site "Golden Sands BUL"]
[Date "1985.05.11"]
[Round "6"]
[White "Donchev, Dimitar"]
[Black "Ubilava, Elizbar"]
[Result "0-1"]
[WhiteElo "2450"]
[BlackElo "2465"]
[EventDate "1985.05.06"]
[PlyCount "68"]

1.e4 c5 2.Nf3 d6 3.d4 cxd4 4.Nxd4 Nf6 5.Nc3 a6 6.Be3 e5 7.Nb3 Be7 8.Qd2 
Be6 9.f4 exf4 10.Bxf4 Nc6 11.O-O-O Ne5 12.Nd4 Qc8 13.Nxe6 Qxe6 14.Kb1 O-O 
15.Bd3 Rfe8 16.Rhf1 Bd8 17.Ne2 Nxd3 18.cxd3 Nxe4 19.Qb4 Nc5 20.Nd4 Qd7 21.
Bg3 Be7 22.Nf5 Bf8 23.Rf3 g6 24.Bxd6 Ne6 25.Bxf8 Rxf8 26.Qh4 f6 27.Nh6+ 
Kg7 28.d4 Ng5 29.Rff1 Qd5 30.Rfe1 Rae8 31.Qf4 Re4 32.Rxe4 Qxe4+ 33.Qxe4 
Nxe4 34.Re1 Re8 0-1

[Event "24th Varna it"]
[Site "Golden Sands BUL"]
[Date "1985.05.11"]
[Round "6"]
[White "Diaz Diaz, Joaquin"]
[Black "Atanasov, Petko"]
[Result "1-0"]
[WhiteElo "2410"]
[BlackElo "2405"]
[EventDate "1985.05.06"]
[PlyCount "24"]

1.e4 c6 2.d4 d5 3.Nd2 dxe4 4.Nxe4 Nd7 5.Bc4 Ngf6 6.Ng5 Nd5 7.N1f3 h6 8.Ne4
N7f6 9.Ng3 Bg4 10.Be2 e6 11.O-O Bd6 12.Ne5 O-O 1-0

[Event "24th Varna it"]
[Site "Golden Sands BUL"]
[Date "1985.05.11"]
[Round "6"]
[White "Spiridonov, Nikola"]
[Black "Grigorov, Yordan"]
[Result "1-0"]
[WhiteElo "2400"]
[BlackElo "2435"]
[EventDate "1985.05.06"]
[PlyCount "71"]

1.c4 g6 2.d4 Bg7 3.Nc3 d6 4.Nf3 Nf6 5.e4 O-O 6.Be2 e5 7.Be3 Ng4 8.Bg5 f6 
9.Bh4 Nc6 10.d5 Ne7 11.Nd2 Nh6 12.f3 g5 13.Bf2 c5 14.g4 Ng6 15.Nf1 Nf7 16.
Ng3 Nf4 17.Kd2 a6 18.h4 b5 19.cxb5 gxh4 20.Rxh4 Nxe2 21.Qxe2 axb5 22.Qxb5 
f5 23.Nxf5 Bxf5 24.gxf5 Rb8 25.Qf1 Rxb2+ 26.Kc1 Rb7 27.Kc2 Qa5 28.Rb1 Rb4 
29.Rg4 Nh6 30.Rg1 Nxf5 31.exf5 Rxf5 32.Qh3 Rf7 33.Qc8+ Rf8 34.Qd7 Rf7 35.
Qe8+ Rf8 36.Rxg7+ 1-0

[Event "24th Varna it"]
[Site "Golden Sands BUL"]
[Date "1985.05.11"]
[Round "6"]
[White "Lalic, Bogdan"]
[Black "Semkov, Semko"]
[Result "1/2-1/2"]
[WhiteElo "2440"]
[BlackElo "2410"]
[EventDate "1985.05.06"]
[PlyCount "29"]

1.d4 d5 2.c4 c6 3.cxd5 cxd5 4.Nf3 Nf6 5.Nc3 Nc6 6.Bf4 Bf5 7.e3 e6 8.Bb5 
Nd7 9.O-O a6 10.Bxc6 bxc6 11.Na4 c5 12.dxc5 Nxc5 13.Nd4 Bg6 14.Nxc5 Bxc5 
15.Rc1 1/2-1/2

[Event "24th Varna it"]
[Site "Golden Sands BUL"]
[Date "1985.05.11"]
[Round "6"]
[White "Inkiov, Ventzislav"]
[Black "Tringov, Georgi"]
[Result "1/2-1/2"]
[WhiteElo "2480"]
[BlackElo "2460"]
[EventDate "1985.05.06"]
[PlyCount "21"]

1.d4 Nf6 2.c4 c5 3.e3 g6 4.Nc3 Bg7 5.Nf3 O-O 6.Be2 cxd4 7.exd4 d5 8.O-O 
Nc6 9.Be3 Bg4 10.c5 Ne4 11.Rc1 1/2-1/2

[Event "24th Varna it"]
[Site "Golden Sands BUL"]
[Date "1985.05.13"]
[Round "7"]
[White "Ubilava, Elizbar"]
[Black "Lalic, Bogdan"]
[Result "0-1"]
[WhiteElo "2465"]
[BlackElo "2440"]
[EventDate "1985.05.06"]
[PlyCount "76"]

1.d4 Nf6 2.c4 g6 3.Nc3 d5 4.Nf3 Bg7 5.cxd5 Nxd5 6.e4 Nxc3 7.bxc3 c5 8.Rb1 
O-O 9.Be2 Nc6 10.d5 Bxc3+ 11.Bd2 Bxd2+ 12.Qxd2 Na5 13.h4 Bg4 14.h5 Bxf3 
15.gxf3 e5 16.Qc3 Re8 17.hxg6 fxg6 18.Bb5 Re7 19.d6 Re6 20.Rd1 Qb6 21.a4 
Rd8 22.f4 Rexd6 23.Rb1 Rd4 24.Qh3 Qc7 25.f5 Qf7 26.Kf1 gxf5 27.exf5 Rd1+ 
28.Kg2 Qd5+ 29.Kg3 Qxh1 30.Qxh1 Rxh1 31.Rxh1 c4 32.Rc1 Kf8 33.Rh1 Kg7 34.
f6+ Kxf6 35.Rxh7 a6 36.Bxc4 Nxc4 37.Rxb7 Rd3+ 38.Kg4 Ke6 0-1

[Event "24th Varna it"]
[Site "Golden Sands BUL"]
[Date "1985.05.13"]
[Round "7"]
[White "Tringov, Georgi"]
[Black "Donchev, Dimitar"]
[Result "1/2-1/2"]
[WhiteElo "2460"]
[BlackElo "2450"]
[EventDate "1985.05.06"]
[PlyCount "23"]

1.e4 c5 2.Nf3 e6 3.d4 cxd4 4.Nxd4 Nf6 5.Nc3 d6 6.Be3 a6 7.Qd2 Qc7 8.a4 b6 
9.Be2 Bb7 10.f3 Nbd7 11.O-O Be7 12.Rfd1 1/2-1/2

[Event "24th Varna it"]
[Site "Golden Sands BUL"]
[Date "1985.05.13"]
[Round "7"]
[White "Semkov, Semko"]
[Black "Mnatsakanian, Eduard"]
[Result "1/2-1/2"]
[WhiteElo "2410"]
[BlackElo "2440"]
[EventDate "1985.05.06"]
[PlyCount "51"]

1.d4 d5 2.c4 c6 3.Nf3 Nf6 4.Qc2 e6 5.g3 Nbd7 6.Bg2 Bd6 7.O-O O-O 8.Nbd2 
Re8 9.b3 e5 10.cxd5 cxd5 11.dxe5 Nxe5 12.Bb2 Bg4 13.Bxe5 Bxe5 14.Nxe5 Rxe5
15.Nf3 Re7 16.Nd4 Rc8 17.Qb2 Rec7 18.Rac1 h6 19.h3 Bd7 20.e3 Ne4 21.Ne2 
Bb5 22.Rxc7 Rxc7 23.Re1 Qc8 24.Rc1 Bxe2 25.Rxc7 Qxc7 26.Bxe4 1/2-1/2

[Event "24th Varna it"]
[Site "Golden Sands BUL"]
[Date "1985.05.13"]
[Round "7"]
[White "Knaak, Rainer"]
[Black "Spiridonov, Nikola"]
[Result "1-0"]
[WhiteElo "2530"]
[BlackElo "2400"]
[EventDate "1985.05.06"]
[PlyCount "115"]

1.d4 Nf6 2.c4 e6 3.Nc3 Bb4 4.e3 c5 5.Bd3 Nc6 6.Ne2 cxd4 7.exd4 d5 8.cxd5 
Nxd5 9.O-O O-O 10.Bc2 Re8 11.Qd3 g6 12.Rd1 Bf8 13.a3 Nxc3 14.bxc3 e5 15.
Qf3 exd4 16.cxd4 Nxd4 17.Nxd4 Qxd4 18.Bb3 Bf5 19.Bxf7+ Kxf7 20.Qb3+ Be6 
21.Qxb7+ Re7 22.Qxe7+ Bxe7 23.Rxd4 Bf6 24.Rf4 g5 25.Rf3 Bd5 26.Rxf6+ Kxf6 
27.h3 a5 28.Bb2+ Kf7 29.Rc1 Ra7 30.Rc5 Ke6 31.Bd4 Ra6 32.Be3 h6 33.Kh2 a4 
34.Rc8 Rc6 35.Ra8 Bb3 36.Bd4 Kd5 37.Bg7 Rg6 38.Bc3 Rc6 39.Bb4 Kc4 40.Kg3 
Bc2 41.Kg4 Bd1+ 42.f3 Kb3 43.Rd8 Be2 44.Rd2 Bb5 45.g3 Re6 46.h4 gxh4 47.
Kxh4 Re2 48.Rxe2 Bxe2 49.f4 h5 50.Kg5 Kc4 51.f5 Kd4 52.f6 Bc4 53.Kxh5 Bf7+
54.Kh6 Ke5 55.Kg7 Ke6 56.g4 Be8 57.g5 Kf5 58.Bd2 1-0

[Event "24th Varna it"]
[Site "Golden Sands BUL"]
[Date "1985.05.13"]
[Round "7"]
[White "Grigorov, Yordan"]
[Black "Diaz Diaz, Joaquin"]
[Result "1/2-1/2"]
[WhiteElo "2435"]
[BlackElo "2410"]
[EventDate "1985.05.06"]
[PlyCount "127"]

1.e4 e5 2.Nf3 Nf6 3.d3 d6 4.c3 g6 5.g3 Bg7 6.Bg2 O-O 7.O-O Re8 8.Nbd2 Nbd7
9.Re1 b6 10.b4 Bb7 11.a4 a5 12.Qb3 d5 13.Ba3 Bf8 14.Rad1 axb4 15.cxb4 Bc6 
16.b5 Bb7 17.Bxf8 Rxf8 18.exd5 Bxd5 19.Qc2 Nc5 20.Rxe5 Rxa4 21.d4 Ra2 22.
Qb1 Na4 23.Rc1 Ng4 24.Rxd5 Qxd5 25.Rc4 Rb2 26.Qa1 Qf5 27.Rxa4 Rxd2 28.h3 
Rxf2 29.hxg4 Qc2 30.Ne1 Qe2 31.Qc1 Re8 32.Ra1 Rf6 33.Kh2 Qxg4 34.Qd1 Re2 
35.d5 Kg7 36.Qd3 Rff2 37.Qc3+ Kh6 38.Kg1 Qg5 39.Qc1 Qxc1 40.Rxc1 Rb2 41.
Bf1 Rf6 42.Rxc7 Rb3 43.Ng2 Rxg3 44.Rc6 Kg7 45.d6 Rg4 46.Rxb6 Rd4 47.Rc6 
Rdxd6 48.Rxd6 Rxd6 49.Ne3 Kf8 50.Nc4 Rd5 51.b6 Rb5 52.Bg2 Ke7 53.b7 f6 54.
Bc6 Rb1+ 55.Kf2 Kd8 56.Be4 Rb4 57.Nd6 f5 58.Bd5 Kd7 59.Nf7 Kc7 60.Ng5 h6 
61.Nf7 h5 62.Bf3 h4 63.Kg2 Rb3 64.Ng5 1/2-1/2

[Event "24th Varna it"]
[Site "Golden Sands BUL"]
[Date "1985.05.13"]
[Round "7"]
[White "Atanasov, Petko"]
[Black "Inkiov, Ventzislav"]
[Result "0-1"]
[WhiteElo "2405"]
[BlackElo "2480"]
[EventDate "1985.05.06"]
[PlyCount "62"]

1.e4 c5 2.Nf3 d6 3.d4 cxd4 4.Nxd4 Nf6 5.Nc3 Nc6 6.Bg5 e6 7.Qd2 Be7 8.O-O-O
O-O 9.f4 Nxd4 10.Qxd4 Qa5 11.Kb1 h6 12.Bh4 e5 13.Qf2 exf4 14.Nd5 Nxd5 15.
Rxd5 Bxh4 16.Qxh4 Qb4 17.Bd3 Be6 18.Rb5 Qd2 19.Rf1 Qxg2 20.Qxf4 b6 21.e5 
d5 22.a4 Rac8 23.Qe3 Rxc2 24.a5 bxa5 25.Qxa7 Rcc8 26.Rg1 Qxh2 27.Qd4 Rb8 
28.Rxb8 Rxb8 29.Bc2 a4 30.Qa7 Qxe5 31.b3 Bf5 0-1

[Event "24th Varna it"]
[Site "Golden Sands BUL"]
[Date "1985.05.14"]
[Round "8"]
[White "Semkov, Semko"]
[Black "Ubilava, Elizbar"]
[Result "0-1"]
[WhiteElo "2410"]
[BlackElo "2465"]
[EventDate "1985.05.06"]
[PlyCount "64"]

1.d4 d5 2.c4 e6 3.Nc3 Be7 4.cxd5 exd5 5.Bf4 Nf6 6.Qc2 Nc6 7.e3 Nb4 8.Qd2 
Ne4 9.Qd1 c5 10.Bb5+ Bd7 11.Bxd7+ Qxd7 12.Nf3 cxd4 13.Ne5 Qf5 14.Qa4+ Kf8 
15.Nxe4 Qxe4 16.O-O f6 17.Nf3 dxe3 18.Bxe3 Nc2 19.Qd7 Nxa1 20.Rxa1 Kf7 21.
Re1 Rhd8 22.Qxb7 Qb4 23.Qa6 Bc5 24.Bxc5 Qxc5 25.Qb7+ Kf8 26.b4 Qc8 27.Qb5 
Qc4 28.Qa5 d4 29.Qh5 d3 30.Qxh7 d2 31.Rd1 Qe2 32.Qb1 Rac8 0-1

[Event "24th Varna it"]
[Site "Golden Sands BUL"]
[Date "1985.05.14"]
[Round "8"]
[White "Mnatsakanian, Eduard"]
[Black "Spiridonov, Nikola"]
[Result "1-0"]
[WhiteElo "2440"]
[BlackElo "2400"]
[EventDate "1985.05.06"]
[PlyCount "89"]

1.e4 c6 2.d4 d5 3.Nc3 dxe4 4.Nxe4 Nd7 5.Nf3 Ngf6 6.Nxf6+ Nxf6 7.Bc4 Bf5 8.
c3 e6 9.Qe2 Bg4 10.h3 Bxf3 11.Qxf3 Qc7 12.O-O Bd6 13.Re1 O-O 14.Bg5 Nd5 
15.g3 h6 16.Bd2 Rfd8 17.Re4 Bf8 18.Rae1 g6 19.Rh4 h5 20.Rhe4 c5 21.Bg5 Rd6
22.dxc5 Qxc5 23.h4 b5 24.Bb3 a5 25.Rd4 Bg7 26.Rd3 a4 27.Bxd5 Rxd5 28.Red1 
a3 29.Rxd5 exd5 30.Rxd5 axb2 31.Rxc5 b1=Q+ 32.Kg2 Qxa2 33.Rc7 Re8 34.c4 
Qa8 35.Rb7 Rf8 36.cxb5 Qa2 37.Be3 Qe6 38.b6 Be5 39.Ra7 Bb8 40.Ra8 f6 41.b7
Kg7 42.Rxb8 Rxb8 43.Bf4 Qe8 44.Bxb8 Qxb8 45.Qc6 1-0

[Event "24th Varna it"]
[Site "Golden Sands BUL"]
[Date "1985.05.14"]
[Round "8"]
[White "Lalic, Bogdan"]
[Black "Tringov, Georgi"]
[Result "0-1"]
[WhiteElo "2440"]
[BlackElo "2460"]
[EventDate "1985.05.06"]
[PlyCount "72"]

1.d4 Nf6 2.c4 c5 3.d5 e6 4.Nc3 exd5 5.cxd5 d6 6.Nf3 g6 7.g3 Bg7 8.Bg2 O-O 
9.O-O Na6 10.Bf4 Bg4 11.Qd2 Re8 12.h3 Bxf3 13.Bxf3 Qd7 14.Kh2 c4 15.g4 Nc5
16.Qc2 h6 17.Rg1 Qe7 18.Qc1 Kh7 19.g5 Nfd7 20.gxh6 Bf6 21.Rg4 a6 22.Qc2 b5
23.Kg2 Ne5 24.Bxe5 Bxe5 25.Kg1 f5 26.Rg2 Qf6 27.Nd1 Rac8 28.Rb1 Re7 29.b3 
cxb3 30.axb3 Rec7 31.Qa2 Qh4 32.Qa5 Ne4 33.e3 Rc2 34.Bxe4 Qxe4 35.Qxa6 Rc1
36.Qa7+ R8c7 0-1

[Event "24th Varna it"]
[Site "Golden Sands BUL"]
[Date "1985.05.14"]
[Round "8"]
[White "Inkiov, Ventzislav"]
[Black "Grigorov, Yordan"]
[Result "0-1"]
[WhiteElo "2480"]
[BlackElo "2435"]
[EventDate "1985.05.06"]
[PlyCount "62"]

1.e4 e5 2.Nf3 Nc6 3.Bc4 Nf6 4.d3 h6 5.O-O d6 6.c3 g6 7.d4 exd4 8.cxd4 Bg7 
9.d5 Ne7 10.Nc3 O-O 11.Be2 c5 12.Nd2 g5 13.Nc4 b5 14.Nxb5 Nxe4 15.f3 a6 
16.fxe4 axb5 17.Ne3 c4 18.Qc2 Qb6 19.Kh1 Qd4 20.a3 Bd7 21.Rb1 Rac8 22.Rd1 
Qe5 23.Bd2 f5 24.Bb4 fxe4 25.Ng4 Bxg4 26.Bxg4 Nxd5 27.Bxc8 Nxb4 28.axb4 
Rxc8 29.b3 c3 30.Re1 d5 31.Rbd1 Re8 0-1

[Event "24th Varna it"]
[Site "Golden Sands BUL"]
[Date "1985.05.14"]
[Round "8"]
[White "Donchev, Dimitar"]
[Black "Atanasov, Petko"]
[Result "1/2-1/2"]
[WhiteElo "2450"]
[BlackElo "2405"]
[EventDate "1985.05.06"]
[PlyCount "47"]

1.d4 Nf6 2.c4 g6 3.g3 Bg7 4.Bg2 O-O 5.Nc3 d6 6.Nf3 Nc6 7.O-O Bg4 8.b3 Nd7 
9.Be3 e5 10.dxe5 Bxf3 11.exf3 dxe5 12.Rc1 Nd4 13.f4 c6 14.fxe5 Nf5 15.e6 
Nxe3 16.fxe3 fxe6 17.Ne4 Rxf1+ 18.Bxf1 Ne5 19.Qxd8+ Rxd8 20.Be2 Bh6 21.Rc3
Kf7 22.Kg2 Ke7 23.g4 Nf7 24.h4 1/2-1/2

[Event "24th Varna it"]
[Site "Golden Sands BUL"]
[Date "1985.05.15"]
[Round "9"]
[White "Ubilava, Elizbar"]
[Black "Mnatsakanian, Eduard"]
[Result "1/2-1/2"]
[WhiteElo "2465"]
[BlackElo "2440"]
[EventDate "1985.05.06"]
[PlyCount "48"]

1.d4 d5 2.c4 c6 3.cxd5 cxd5 4.Nc3 Nf6 5.Bf4 Nc6 6.e3 e6 7.Bd3 Be7 8.h3 O-O
9.Nf3 Bd7 10.O-O Rc8 11.Ne5 Be8 12.Rc1 Nxe5 13.Bxe5 Bc6 14.Bxf6 Bxf6 15.b4
Bd7 16.Qb3 Qb6 17.Rc2 Be7 18.Rb1 Rc7 19.a3 Rfc8 20.Rbc1 g6 21.Na4 Bxa4 22.
Qxa4 Rxc2 23.Rxc2 Rxc2 24.Qxc2 Kg7 1/2-1/2

[Event "24th Varna it"]
[Site "Golden Sands BUL"]
[Date "1985.05.15"]
[Round "9"]
[White "Spiridonov, Nikola"]
[Black "Diaz Diaz, Joaquin"]
[Result "1-0"]
[WhiteElo "2400"]
[BlackElo "2410"]
[EventDate "1985.05.06"]
[PlyCount "53"]

1.c4 e6 2.Nf3 d5 3.g3 Nf6 4.Bg2 Be7 5.O-O O-O 6.b3 c5 7.cxd5 exd5 8.d4 Nc6
9.Bb2 Ne4 10.Nc3 Bf6 11.Na4 b6 12.Rc1 Ba6 13.dxc5 Bxb2 14.Nxb2 bxc5 15.Na4
Qd6 16.Nd2 Nd4 17.Re1 Qh6 18.e3 Nxf2 19.Kxf2 Nf5 20.Qf3 Nd4 21.exd4 Qxd2+ 
22.Kg1 cxd4 23.Nc5 Rac8 24.Rcd1 Qxa2 25.Ra1 Qe2 26.Qf2 Qc2 27.Rac1 1-0

[Event "24th Varna it"]
[Site "Golden Sands BUL"]
[Date "1985.05.15"]
[Round "9"]
[White "Knaak, Rainer"]
[Black "Inkiov, Ventzislav"]
[Result "0-1"]
[WhiteElo "2530"]
[BlackElo "2480"]
[EventDate "1985.05.06"]
[PlyCount "88"]

1.d4 Nf6 2.c4 e6 3.Nc3 d5 4.cxd5 exd5 5.Bg5 Nbd7 6.e3 c6 7.Qc2 Be7 8.Bd3 
O-O 9.Nf3 Re8 10.O-O Nf8 11.a3 Ne4 12.Bf4 Nxc3 13.bxc3 c5 14.c4 Bf6 15.
cxd5 cxd4 16.exd4 Qxd5 17.Bc4 Qf5 18.Qd2 Be6 19.Bd3 Qd5 20.Rab1 a6 21.Rfe1
Bd7 22.Ne5 Bxe5 23.Bxe5 Bc6 24.Be4 Qd7 25.Bxc6 bxc6 26.h3 Rad8 27.Qa5 Ne6 
28.Qxa6 f6 29.Bg3 Nxd4 30.Rxe8+ Rxe8 31.Rb7 Qd5 32.Qa7 Nf5 33.Kh2 h5 34.
Rb8 Rxb8 35.Qxb8+ Kh7 36.Qb1 c5 37.a4 c4 38.Qc2 Qd3 39.Qa2 Nxg3 40.fxg3 c3
41.Qb3 h4 42.gxh4 Qd6+ 43.Kh1 Qd2 44.Qb4 Qe1+ 0-1

[Event "24th Varna it"]
[Site "Golden Sands BUL"]
[Date "1985.05.15"]
[Round "9"]
[White "Grigorov, Yordan"]
[Black "Donchev, Dimitar"]
[Result "1/2-1/2"]
[WhiteElo "2435"]
[BlackElo "2450"]
[EventDate "1985.05.06"]
[PlyCount "28"]

1.e4 e6 2.d4 d5 3.Nd2 b6 4.Ngf3 Nf6 5.Bd3 Bb7 6.e5 Ne4 7.O-O Be7 8.Qe2 
Nxd2 9.Bxd2 c5 10.c3 a5 11.Rfe1 Ba6 12.Bb5+ Bxb5 13.Qxb5+ Nd7 14.Qd3 Qc8 
1/2-1/2

[Event "24th Varna it"]
[Site "Golden Sands BUL"]
[Date "1985.05.15"]
[Round "9"]
[White "Atanasov, Petko"]
[Black "Lalic, Bogdan"]
[Result "1-0"]
[WhiteElo "2405"]
[BlackElo "2440"]
[EventDate "1985.05.06"]
[PlyCount "123"]

1.e4 e6 2.d4 d5 3.Nc3 Bb4 4.e5 c5 5.Bd2 Nc6 6.Nb5 Bxd2+ 7.Qxd2 Nxd4 8.Nxd4
cxd4 9.Nf3 Ne7 10.Qxd4 O-O 11.Bd3 Nc6 12.Qg4 f5 13.Qf4 Qb6 14.O-O-O Bd7 
15.c3 Rac8 16.Kb1 Qxf2 17.Rhf1 Qc5 18.g4 Ne7 19.Nd4 Ng6 20.Qg3 Rce8 21.
Rde1 fxg4 22.Bxg6 hxg6 23.Qxg4 Qc4 24.Qh3 b5 25.Rg1 Rf2 26.Rxg6 Ref8 27.
Rxg7+ Kxg7 28.Qg3+ Kf7 29.Qxf2+ Ke8 30.Qe2 Qxe2 31.Rxe2 Rf4 32.b4 Ke7 33.
Kc2 Be8 34.Kd2 Rh4 35.Rg2 Rh3 36.Rg7+ Bf7 37.Nxb5 Rxh2+ 38.Ke3 Kf8 39.Rg1 
Rxa2 40.Nd6 Be8 41.Rh1 Bg6 42.Rh8+ Ke7 43.Rg8 Bh5 44.Rg5 Bd1 45.Rg7+ Kd8 
46.Kd4 Rd2+ 47.Kc5 d4 48.Nb7+ Ke8 49.cxd4 Rc2+ 50.Kd6 Rd2 51.Kxe6 Bb3+ 52.
Kf5 Rxd4 53.b5 Bc2+ 54.Kg5 Kf8 55.Rc7 Bb3 56.Nd6 Ra4 57.Kf6 Rf4+ 58.Nf5 
Kg8 59.e6 Re4 60.Nh6+ Kh8 61.Nf7+ Kg8 62.Rc8+ 1-0

[Event "24th Varna it"]
[Site "Golden Sands BUL"]
[Date "1985.05.16"]
[Round "10"]
[White "Ubilava, Elizbar"]
[Black "Tringov, Georgi"]
[Result "1-0"]
[WhiteElo "2465"]
[BlackElo "2460"]
[EventDate "1985.05.06"]
[PlyCount "65"]

1.d4 Nf6 2.c4 d6 3.Nc3 Nbd7 4.Nf3 c6 5.e4 e5 6.Be2 Be7 7.O-O O-O 8.Be3 Re8
9.d5 a5 10.Qc2 Ng4 11.Bd2 Nc5 12.b3 g6 13.h3 Nf6 14.a3 a4 15.b4 Nb3 16.Ra2
Nd4 17.Nxd4 exd4 18.Nxa4 Nxe4 19.Qxe4 cxd5 20.Qc2 Bf5 21.Qd1 d3 22.Bf3 
dxc4 23.Nc3 Rb8 24.Nd5 Bf6 25.Qc1 b5 26.a4 Be4 27.Bxe4 Rxe4 28.axb5 Be5 
29.Nc3 Bxc3 30.Qxc3 Qh4 31.b6 d5 32.Rfa1 Re2 33.Be3 1-0

[Event "24th Varna it"]
[Site "Golden Sands BUL"]
[Date "1985.05.16"]
[Round "10"]
[White "Semkov, Semko"]
[Black "Atanasov, Petko"]
[Result "1-0"]
[WhiteElo "2410"]
[BlackElo "2405"]
[EventDate "1985.05.06"]
[PlyCount "117"]

1.d4 Nf6 2.c4 g6 3.g3 Bg7 4.Bg2 O-O 5.Nf3 d6 6.O-O Nc6 7.d5 Na5 8.Nbd2 c5 
9.Ne1 a6 10.Rb1 b5 11.cxb5 axb5 12.b4 cxb4 13.Rxb4 Bd7 14.Nc2 Qc7 15.Nd4 
Rfb8 16.a3 Ra7 17.e3 Qc8 18.Qe2 Rc7 19.Bb2 Rc5 20.e4 Ng4 21.Bh3 Ne5 22.
Bxd7 Qxd7 23.Kg2 Nec4 24.Nxc4 Rxc4 25.Nf3 Bxb2 26.Qxb2 Rbc8 27.Nd4 Rxb4 
28.axb4 Nc4 29.Qa1 Qg4 30.Re1 Ne5 31.h3 Qd7 32.Rc1 Rc4 33.Rxc4 bxc4 34.b5 
Qc7 35.Nc6 Nd3 36.Qd4 Ne1+ 37.Kf1 Nf3 38.Qc3 Ne5 39.f4 Nd3 40.Qxc4 Nc5 41.
e5 f5 42.Qb4 Kg7 43.e6 Kh6 44.b6 Qc8 45.Qb5 Qh8 46.Ne5 dxe5 47.Qxc5 exf4 
48.Qc1 Qa8 49.Qxf4+ g5 50.Qb4 Qxd5 51.b7 Qf3+ 52.Ke1 Qxg3+ 53.Kd2 Qf2+ 54.
Kd3 Qf1+ 55.Kd4 Qf4+ 56.Kc5 Qc7+ 57.Kd5 Qd8+ 58.Kc6 Qb8 59.Qxe7 1-0

[Event "24th Varna it"]
[Site "Golden Sands BUL"]
[Date "1985.05.16"]
[Round "10"]
[White "Mnatsakanian, Eduard"]
[Black "Diaz Diaz, Joaquin"]
[Result "0-1"]
[WhiteElo "2440"]
[BlackElo "2410"]
[EventDate "1985.05.06"]
[PlyCount "76"]

1.e4 e5 2.Nf3 Nf6 3.Nxe5 d6 4.Nf3 Nxe4 5.d4 d5 6.Bd3 Nc6 7.O-O Be7 8.c4 
Nb4 9.Be2 dxc4 10.Bxc4 O-O 11.Nc3 Nd6 12.Bb3 Kh8 13.Ne5 f6 14.Nf3 Bg4 15.
h3 Bh5 16.Be6 Bxf3 17.gxf3 Qe8 18.Bf4 f5 19.Kh2 Qg6 20.Bb3 Bg5 21.Be5 Nc6 
22.Ne2 Qh6 23.f4 Nxe5 24.fxe5 f4 25.exd6 f3 26.Nc3 Rf4 27.Ne4 Rxe4 28.Qxf3
Qxd6+ 29.Kg2 Rf4 30.Qxb7 Raf8 31.Qd5 Qf6 32.Kh1 Rh4 33.Qg2 Qh6 34.Kg1 Rxh3
35.Rae1 Bf4 36.Re6 Qh4 37.Rfe1 Be3 38.R6xe3 Rh1+ 0-1

[Event "24th Varna it"]
[Site "Golden Sands BUL"]
[Date "1985.05.16"]
[Round "10"]
[White "Lalic, Bogdan"]
[Black "Grigorov, Yordan"]
[Result "1/2-1/2"]
[WhiteElo "2440"]
[BlackElo "2435"]
[EventDate "1985.05.06"]
[PlyCount "23"]

1.d4 d6 2.Nf3 f5 3.g3 g6 4.Bg2 Bg7 5.O-O Nf6 6.c4 O-O 7.Nc3 Qe8 8.d5 Na6 
9.Nd4 Bd7 10.e4 Nxe4 11.Nxe4 fxe4 12.Bxe4 1/2-1/2

[Event "24th Varna it"]
[Site "Golden Sands BUL"]
[Date "1985.05.16"]
[Round "10"]
[White "Inkiov, Ventzislav"]
[Black "Spiridonov, Nikola"]
[Result "1-0"]
[WhiteElo "2480"]
[BlackElo "2400"]
[EventDate "1985.05.06"]
[PlyCount "69"]

1.e4 e6 2.d4 d5 3.Nd2 Bd7 4.Ngf3 dxe4 5.Nxe4 Bc6 6.Bd3 Nd7 7.O-O Ngf6 8.
Bg5 Be7 9.Nxf6+ Bxf6 10.Bf4 O-O 11.c3 g6 12.Re1 Bg7 13.h4 Re8 14.h5 a5 15.
Re3 a4 16.Ne5 Nxe5 17.Bxe5 Ra5 18.hxg6 hxg6 19.Qg4 Re7 20.Rae1 Be8 21.Bxg7
Kxg7 22.Rh3 Rd7 23.Qf4 Qg5 24.Qh2 Qd2 25.Re5 Rdd5 26.Rh7+ Kf8 27.Rh8+ Ke7 
28.Rxd5 Qe1+ 29.Bf1 Rxd5 30.Qxc7+ Bd7 31.Qd8+ Kd6 32.Qb6+ Ke7 33.c4 Rg5 
34.Qd8+ Kd6 35.c5+ 1-0

[Event "24th Varna it"]
[Site "Golden Sands BUL"]
[Date "1985.05.16"]
[Round "10"]
[White "Donchev, Dimitar"]
[Black "Knaak, Rainer"]
[Result "1/2-1/2"]
[WhiteElo "2450"]
[BlackElo "2530"]
[EventDate "1985.05.06"]
[PlyCount "113"]

1.g3 e5 2.Bg2 d6 3.e4 g6 4.Ne2 Bg7 5.Nbc3 c6 6.a4 a5 7.d4 Nd7 8.O-O Ngf6 
9.b3 O-O 10.Ba3 exd4 11.Nxd4 Ne8 12.Qd2 Qb6 13.Rad1 Nc5 14.Rfe1 Nc7 15.h3 
N7a6 16.Na2 Re8 17.Kh2 Bd7 18.f4 Rad8 19.Bb2 Nxa4 20.Ba1 N4c5 21.Bc3 Nb4 
22.Nxb4 axb4 23.Bxb4 Ra8 24.Bc3 Qc7 25.Re3 Ra2 26.Ne2 Nxb3 27.Qxd6 Qxd6 
28.Rxd6 Nc5 29.Bxg7 Kxg7 30.Nd4 Bf5 31.e5 Bxc2 32.Re2 Bb1 33.Rxa2 Bxa2 34.
g4 Bb1 35.h4 Ra8 36.h5 Ra2 37.Kh3 Nd3 38.h6+ Kf8 39.Kg3 Ra3 40.Kh4 Nxf4 
41.Bxc6 Ra8 42.Bxb7 Rb8 43.Kg5 Nh3+ 44.Kh4 Nf4 45.Bc6 Ba2 46.Kg5 Ne6+ 47.
Nxe6+ Bxe6 48.Kf6 Ba2 49.Bd7 Bb3 50.Ra6 Bc4 51.Ra7 Bd5 52.Rc7 Rd8 53.Rc5 
Bb3 54.Rc3 Bd5 55.g5 Rb8 56.Rc7 Bb3 57.e6 1/2-1/2

[Event "24th Varna it"]
[Site "Golden Sands BUL"]
[Date "1985.05.18"]
[Round "11"]
[White "Grigorov, Yordan"]
[Black "Semkov, Semko"]
[Result "1-0"]
[WhiteElo "2435"]
[BlackElo "2410"]
[EventDate "1985.05.06"]
[PlyCount "81"]

1.e4 c5 2.Nf3 e6 3.d4 cxd4 4.Nxd4 Nc6 5.Nc3 a6 6.g3 d6 7.Bg2 Bd7 8.O-O Nf6
9.Re1 Rc8 10.Nxc6 Bxc6 11.a4 Qc7 12.a5 Be7 13.Be3 O-O 14.Bb6 Qd7 15.g4 h6 
16.f4 Rfe8 17.h4 g6 18.g5 Nh5 19.Be3 hxg5 20.hxg5 d5 21.f5 d4 22.fxg6 fxg6
23.Qxd4 Qc7 24.Qd2 Rf8 25.Bb6 Qe5 26.Bd4 Bc5 27.Bxc5 Qxc5+ 28.Qe3 Qd6 29.
Ne2 Nf4 30.Nxf4 Rxf4 31.Rf1 Rh4 32.Rf6 Qh2+ 33.Kf2 Bxe4 34.Rxg6+ Kf7 35.
Rf6+ Ke7 36.Qa3+ Kd7 37.Rf7+ Kc6 38.Qc3+ Kb5 39.Qb3+ Kc5 40.Qb6+ Kc4 41.
Ra4+ 1-0

[Event "24th Varna it"]
[Site "Golden Sands BUL"]
[Date "1985.05.18"]
[Round "11"]
[White "Diaz Diaz, Joaquin"]
[Black "Inkiov, Ventzislav"]
[Result "0-1"]
[WhiteElo "2410"]
[BlackElo "2480"]
[EventDate "1985.05.06"]
[PlyCount "82"]

1.e4 c5 2.Nf3 d6 3.d4 cxd4 4.Nxd4 Nf6 5.Nc3 Nc6 6.Bc4 e6 7.Be3 a6 8.Bb3 
Qc7 9.O-O Be7 10.f4 Na5 11.f5 Nxb3 12.axb3 O-O 13.g4 e5 14.Ndb5 Qc6 15.g5 
Nxe4 16.Nd5 Bd8 17.Nbc7 b5 18.Qf3 Bb7 19.Qxe4 Rc8 20.Rxa6 Qxc7 21.Nxc7 
Bxe4 22.Nxb5 Rxc2 23.Rd1 d5 24.Nc3 Bxg5 25.Bxg5 Rg2+ 26.Kh1 Rxg5+ 27.Nxe4 
dxe4 28.Rf1 h6 29.Ra4 Rb8 30.Rxe4 Rxb3 31.Rxe5 Rxb2 32.Rg1 f6 33.Rxg5 fxe5
34.Rh5 Kf7 35.Kg1 Kf6 36.Kf1 e4 37.Kg1 e3 38.Kf1 Rf2+ 39.Ke1 Rxf5 40.Rh4 
Rf2 41.h3 Kf5 0-1

[Event "24th Varna it"]
[Site "Golden Sands BUL"]
[Date "1985.05.18"]
[Round "11"]
[White "Tringov, Georgi"]
[Black "Mnatsakanian, Eduard"]
[Result "1/2-1/2"]
[WhiteElo "2460"]
[BlackElo "2440"]
[EventDate "1985.05.06"]
[PlyCount "32"]

1.e4 c5 2.Nf3 Nf6 3.Nc3 Nc6 4.d4 d5 5.exd5 Nxd5 6.Nxd5 Qxd5 7.Be3 cxd4 8.
Nxd4 a6 9.c3 e5 10.Qb3 Qxb3 11.Nxb3 Be6 12.Nc5 Bxc5 13.Bxc5 O-O-O 14.Be2 
Kc7 15.b3 Rd7 16.f3 Rhd8 1/2-1/2